One Piece - A à Z - Statistiques

Statistiques générales
  • Ce quiz a été pris 259 fois
  • Le résultat moyen est 15 sur 26
Statistiques - réponses
Lettre Indice Réponse % Correct
A Royaume qui a été sauvé par Luffy et son équipage. Alabasta
94%
C Nom de famille de tous l'équipage de Big Mom. Charlotte
91%
E Mer de naissance de Gol D. Roger, le roi des pirates East Blue
85%
G Forme finale de Monkey D. Luffy. Gear 5
81%
Y Père d'Usopp, sniper de l'équipage du roux. Yasopp
79%
M la manière dont la famille charlotte appelle Big Mom. Mama
78%
Q Il est surnommé la pandémie et fais partie de la garde rapprochée de kaido. Queen
75%
R Il c'est sûrement perdu en chemin. Roronoa Zoro
74%
J Surnom que Kaido à donné à Doflamingo. Joker
68%
T île fantôme, les chapeaux de paille l'ont accosté dans le triangle de Florian. Thriller Bark
66%
U Membre de la génération terrible qui vaut 108 000 000 de berries. Urouge
65%
P Type de fruit qui donne des pouvoirs de surhomme. Paramecia
61%
I Type d'île se trouvant dans les nuages. île céleste
58%
X Tobi roppo qui jouais double-jeu. X-Drake
57%
B Grand Corsaire surnommé "Le Tyran". Bartholomew Kuma
56%
D Représentant de la couleur de carte du carreaux, dans l'équipage de Doflamingo Diamante
53%
N Sœur adoptive de Nami, elle a les cheveux bleus. Nojiko
48%
S Forme finale des Minks, qu'ils développent à la pleine lune. Sulong
46%
H Remplaçante de Zeus, au près de l'équipage de Big Mom. Hera
43%
F Armes que Killer utilise à Wano durant son combat contre Zoro Faucille
41%
W Tobi roppo probablement le plus puissant ( avec Black Maria ). Who's Who
41%
Z Type de fruit du démon qui permet de se transformer en dinosaure. Zoan Antique
38%
O Type de fluide qui permet de se recouvrir d'une armure invisible. Offensif
37%
K Famille de traître au pays de Wano. Kurozumi
34%
V Deuxième fils de la famille Vinsmoke. Vinsmoke Niji
34%
L Créature divine en laquelle se transforme Yamato. Loup Divin
18%
Aucun quiz correspondant
Distribution des résultats
% des personnes avec chaque résultat
Percentile par nombre de réponses
Votre historique - résultats
Vous n’avez pas pris ce quiz